| 000 | 00758nam a2200265Ia 4500 | ||
|---|---|---|---|
| 008 | 180523s9999 xx 000 0 und d | ||
| 020 | _a978-1-84541-381-1 | ||
| 050 | _aMAIN G 155.A1 | ||
| 050 | _b.N49 2013 | ||
| 100 | _aNewsome, David. | ||
| 245 | 0 | _aNatural area tourism : | |
| 245 | 0 | _becology, impacts and management / | |
| 245 | 0 | _cDavid Newsome, Susan A. Moore and Ross K. Dowling. | |
| 250 | _a2nd Edition | ||
| 260 | _aBristol : | ||
| 260 | _bChannel View Publications, | ||
| 260 | _c2013 | ||
| 300 | _a457 pages : | ||
| 300 | _billustrations ; | ||
| 300 | _c24 cm. | ||
| 500 | _aIncludes bibliographical references and index. | ||
| 650 | _aNatural areas. | ||
| 650 | _aTourism. | ||
| 650 | _xTourism -- Environmental aspects. | ||
| 999 |
_c356644 _d356644 |
||